<?xml version="1.0" encoding="UTF-8"?>
<record
    xmlns:xsi="http://www.w3.org/2001/XMLSchema-instance"
    xsi:schemaLocation="http://www.loc.gov/MARC21/slim http://www.loc.gov/standards/marcxml/schema/MARC21slim.xsd"
    xmlns="http://www.loc.gov/MARC21/slim">

  <leader>01135nam a22003017a 4500</leader>
  <controlfield tag="003">3228</controlfield>
  <controlfield tag="005">20220913120134.0</controlfield>
  <controlfield tag="008">220913b        sa ||||| |||| 00| 0 eng d</controlfield>
  <datafield tag="020" ind1=" " ind2=" ">
    <subfield code="a">9780521724487</subfield>
    <subfield code="q">paperback</subfield>
  </datafield>
  <datafield tag="040" ind1=" " ind2=" ">
    <subfield code="a">DLC</subfield>
    <subfield code="b">English</subfield>
    <subfield code="c">DLC</subfield>
    <subfield code="d">3228</subfield>
    <subfield code="e">RDA</subfield>
  </datafield>
  <datafield tag="041" ind1=" " ind2=" ">
    <subfield code="a">IsiNdebele</subfield>
  </datafield>
  <datafield tag="082" ind1=" " ind2=" ">
    <subfield code="a">JF IMBU</subfield>
  </datafield>
  <datafield tag="100" ind1=" " ind2=" ">
    <subfield code="a">Amanda Jesperson [and others] </subfield>
    <subfield code="9">172212</subfield>
  </datafield>
  <datafield tag="240" ind1=" " ind2=" ">
    <subfield code="a"> Little lost goat. Ndebele (South Africa)</subfield>
  </datafield>
  <datafield tag="245" ind1=" " ind2=" ">
    <subfield code="a">Imbuzana elahlekileko /</subfield>
    <subfield code="c">Amanda Jesperson</subfield>
  </datafield>
  <datafield tag="260" ind1=" " ind2=" ">
    <subfield code="a">Cape Town :</subfield>
    <subfield code="b">Cambridge University Press, </subfield>
    <subfield code="c">&#xA9;2007.</subfield>
  </datafield>
  <datafield tag="300" ind1=" " ind2=" ">
    <subfield code="a">16 pages : </subfield>
    <subfield code="b">color illustrations ; </subfield>
    <subfield code="c">21 x 25 cm.</subfield>
  </datafield>
  <datafield tag="336" ind1=" " ind2=" ">
    <subfield code="a">text</subfield>
    <subfield code="b">txt</subfield>
  </datafield>
  <datafield tag="337" ind1=" " ind2=" ">
    <subfield code="a">unmediated</subfield>
    <subfield code="b">n</subfield>
  </datafield>
  <datafield tag="338" ind1=" " ind2=" ">
    <subfield code="a">volume</subfield>
    <subfield code="b">nc</subfield>
  </datafield>
  <datafield tag="490" ind1=" " ind2=" ">
    <subfield code="a">The little library  Little library (Cambridge University Press)</subfield>
  </datafield>
  <datafield tag="500" ind1=" " ind2=" ">
    <subfield code="a">Ndebele translation from the English of: The little lost goat. Cape Town : Cambridge University Press, c2007.

Also available in the other South African official languages.</subfield>
  </datafield>
  <datafield tag="520" ind1=" " ind2=" ">
    <subfield code="a">Juvenile</subfield>
  </datafield>
  <datafield tag="585" ind1=" " ind2=" ">
    <subfield code="5">Primary</subfield>
  </datafield>
  <datafield tag="650" ind1=" " ind2=" ">
    <subfield code="2">Goats  </subfield>
    <subfield code="a">Juvenile works</subfield>
    <subfield code="v">Fiction  </subfield>
    <subfield code="9">172213</subfield>
  </datafield>
  <datafield tag="700" ind1=" " ind2=" ">
    <subfield code="a">Alida Bothma.</subfield>
    <subfield code="e">illustrator</subfield>
    <subfield code="9">142936</subfield>
  </datafield>
  <datafield tag="942" ind1=" " ind2=" ">
    <subfield code="2">ddc</subfield>
    <subfield code="c">BOOK</subfield>
    <subfield code="y">5815</subfield>
    <subfield code="z">Pontsho Maoko</subfield>
  </datafield>
  <datafield tag="999" ind1=" " ind2=" ">
    <subfield code="c">731636</subfield>
    <subfield code="d">731635</subfield>
  </datafield>
  <datafield tag="952" ind1=" " ind2=" ">
    <subfield code="0">0</subfield>
    <subfield code="1">0</subfield>
    <subfield code="2">ddc</subfield>
    <subfield code="4">0</subfield>
    <subfield code="7">0</subfield>
    <subfield code="8">F</subfield>
    <subfield code="a">KWAML</subfield>
    <subfield code="b">SIYABL</subfield>
    <subfield code="c">CHILD</subfield>
    <subfield code="d">2022-09-13</subfield>
    <subfield code="l">0</subfield>
    <subfield code="o">JF IMBU</subfield>
    <subfield code="p">33228031070635</subfield>
    <subfield code="r">2022-09-13</subfield>
    <subfield code="w">2022-09-13</subfield>
    <subfield code="y">BOOK</subfield>
  </datafield>
  <datafield tag="952" ind1=" " ind2=" ">
    <subfield code="0">0</subfield>
    <subfield code="1">0</subfield>
    <subfield code="2">ddc</subfield>
    <subfield code="4">0</subfield>
    <subfield code="7">0</subfield>
    <subfield code="8">F</subfield>
    <subfield code="a">KWAML</subfield>
    <subfield code="b">ZITHL</subfield>
    <subfield code="c">CHILD</subfield>
    <subfield code="d">2022-10-11</subfield>
    <subfield code="l">0</subfield>
    <subfield code="o">JF IMBU</subfield>
    <subfield code="p">33228031020125</subfield>
    <subfield code="r">2022-10-11</subfield>
    <subfield code="w">2022-10-11</subfield>
    <subfield code="y">BOOK</subfield>
  </datafield>
</record>
